000 00741nam a2200217 a 4500
001 000040858
005 20201002034431.0
008 130909s1978 sp a 000 0 spa d
020 _a8420622222
040 _aDO-SdBNP
_bspa
_cBNPHU
082 _axxxx
_bssss
100 1 _aMontagu, Ashley
_915116
240 1 0 _aThe nature of human aggression
245 1 0 _aLa naturaleza de la agresividad humana /
_cAshley Montagu; traducción, Antonio Escohotado.
260 _aMadrid, España :
_bAlianza editorial,
_c1978.
300 _a290 p. :
_bil. ;
_c20 cm.
490 1 _aAlianza universidad
500 _aLa biblioteca posee la quinta reimpresión del 1990
700 1 _aEscohotado, Antonio
_etrad.
_952991
830 0 _aAlianza universidad
_932127
999 _c40348
_d40348